Loading...
| Fine Arts - Other Fine Arts | 2 | 2 | 0 | 1 | 50 | 63 | 103.00 | 2 | 4 |
| Literature - British Literature | 1 | 1 | 0 | 0 | 25 | 78 | 103.00 | 1 | 2 |
| Current Events | 0 | 2 | 0 | 0 | 20 | 97 | 98.00 | 2 | 2 |
| Social Science | 0 | 1 | 0 | 0 | 10 | 116 | 116.00 | 1 | 1 |
| History - European History | 0 | 1 | 0 | 0 | 10 | 66 | 66.00 | 1 | 1 |
| History - World History | 0 | 1 | 0 | 0 | 10 | 68 | 68.00 | 0 | 1 |
| Literature - World Literature | 0 | 1 | 0 | 0 | 10 | 126 | 126.00 | 0 | 1 |
| Philosophy | 0 | 1 | 1 | 0 | 5 | 89 | 89.00 | 1 | 1 |
| Fine Arts - Visual Fine Arts | 0 | 0 | 0 | 0 | 0 | 0.00 | 0 | 0 | |
| Literature - American Literature | 0 | 0 | 1 | 0 | -5 | 0.00 | 0 | 0 | |
| Science - Chemistry | 0 | 0 | 2 | 0 | -10 | 0.00 | 0 | 0 |